000 00613nam a2200241Ia 4500
003 OSt
005 20221007082346.0
006 a|||||r|||| 00| 0
007 ta
008 221006b |||||||| |||| 00| 0 eng d
024 _a29,810
037 _cReports / Technical Reports
040 _aFLL
_cFLL
_beng
041 _2eng
_aeng
082 _aX.2.N6t, K8
110 _aGovt. of India
245 0 _aReport on economic administration
260 _c1968
300 _a98p
_ccm.
700 _aGovt. of India
942 _hX.2.N6t, K8
_cREP
_2CC
999 _c1166181
_d1166181